[Event "Scottish op"]
[Site "Dunfermline"]
[Date "2024.07.09"]
[Round "3"]
[White "Maxwell, Daniel"]
[Black "Bhatia, Kanishka"]
[Result "1-0"]
[WhiteElo "2116"]
[BlackElo "1900"]
[PlyCount "89"]
[EventDate "2024.07.08"]
[EventType "swiss"]
[EventRounds "9"]
[EventCountry "SCO"]
[SourceTitle "CBM 221 Extra"]
[Source "ChessBase"]
[SourceDate "2024.09.30"]
[SourceVersion "1"]
[SourceVersionDate "2024.09.30"]
[SourceQuality "1"]

1. e4 e6 2. d3 d5 3. Nd2 Nf6 4. Ngf3 Be7 5. g3 c5 6. Bg2 0-0 7. 0-0 b6 8. e5 Nfd7 9. Re1 Nc6 10. h4 Qc7 11. Qe2 Nb4 12. Nf1 a5 13. a3 Nc6 14. Bf4 b5 15. Ne3 Ba6 16. h5 b4 17. Bh3 Nd4 18. Nxd4 cxd4 19. Nxd5 Qc5 20. Nxe7+ Qxe7 21. Bg2 Rab8 22. h6 g6 23. axb4 Qxb4 24. b3 Bb7 25. Ra4 Qb6 26. Bxb7 Rxb7 27. Rea1 Ra8 28. Rc4 Rc7 29. Qe4 Rac8 30. Qxd4 Qb5 31. Qd6 Nc5 32. Qd4 Nd7 33. Qc3 Rxc4 34. dxc4 Qb7 35. Rxa5 Nc5 36. Ra1 Rd8 37. Bg5 Ra8 38. Rd1 Qc6 39. Qd4 Nb7 40. Qf4 f5 41. exf6 Kf7 42. b4 Ra4 43. Qb8 e5 44. Qxe5 Rxb4 45. Qe7+ 1-0

[Event "UK Blitz op Final"]
[Site "Leamington Spa"]
[Date "2023.12.02"]
[Round "8"]
[White "Kozusek, Daniel"]
[Black "Maxwell, Daniel"]
[Result "1/2-1/2"]
[WhiteElo "2365"]
[BlackElo "2124"]
[PlyCount "83"]
[EventDate "2023.12.02"]
[EventType "tourn (blitz)"]
[EventRounds "15"]
[EventCountry "ENG"]
[EventCategory "3"]
[SourceTitle "CBM 217 Extra"]
[Source "ChessBase"]
[SourceDate "2024.01.31"]
[SourceVersion "1"]
[SourceVersionDate "2024.01.31"]
[SourceQuality "1"]

1. d4 Nf6 2. c4 e6 3. Nf3 d5 4. Nc3 dxc4 5. e4 b5 6. e5 Nd5 7. Nxb5 Nb6 8. Be2 Nc6 9. 0-0 Be7 10. Be3 0-0 11. Qc1 Bb7 12. Rd1 a6 13. Nc3 Nb4 14. a3 N4d5 15. Ne4 Bc6 16. Bg5 Bxg5 17. Nfxg5 h6 18. Nf3 Ba4 19. Rd2 Bc6 20. Bxc4 Nxc4 21. Qxc4 Bb5 22. Qc2 Qe7 23. Rc1 Rab8 24. Nc3 c6 25. Ne4 a5 26. Nc5 a4 27. Nxa4 Nf4 28. Nc3 Bc4 29. Qe4 Nd5 30. Nxd5 cxd5 31. Qe3 Rb3 32. Rc3 Rfb8 33. h3 Rxb2 34. Rxb2 Rxb2 35. Nd2 Bb5 36. Rb3 Rxb3 37. Qxb3 Bc4 38. Qb4 Qg5 39. Nxc4 Qc1+ 40. Kh2 Qf4+ 41. Kg1 Qc1+ 42. Kh2 1/2-1/2

[Event "UK Blitz op Final"]
[Site "Leamington Spa"]
[Date "2023.12.02"]
[Round "13"]
[White "Maxwell, Daniel"]
[Black "Arkell, Keith C"]
[Result "1/2-1/2"]
[WhiteElo "2124"]
[BlackElo "2371"]
[PlyCount "90"]
[EventDate "2023.12.02"]
[EventType "tourn (blitz)"]
[EventRounds "15"]
[EventCountry "ENG"]
[EventCategory "3"]
[SourceTitle "CBM 217 Extra"]
[Source "ChessBase"]
[SourceDate "2024.01.31"]
[SourceVersion "1"]
[SourceVersionDate "2024.01.31"]
[SourceQuality "1"]

1. Nf3 Nf6 2. e3 c5 3. c4 g6 4. b3 Bg7 5. Bb2 0-0 6. Be2 Nc6 7. 0-0 d6 8. d4 cxd4 9. Nxd4 Bd7 10. Nc3 Nxd4 11. exd4 e6 12. Bf3 Qc7 13. Rc1 Rad8 14. d5 e5 15. Re1 Rfe8 16. Nb5 Bxb5 17. cxb5 Qb6 18. a4 a6 19. Be2 axb5 20. Bxb5 Re7 21. Qd2 h5 22. Bc3 Qa7 23. Ba5 b6 24. Bb4 Ng4 25. Rc6 Qb8 26. h3 Nh6 27. Qc2 Nf5 28. Bc3 Ra7 29. Rc4 Nd4 30. Bxd4 exd4 31. Qd3 Be5 32. h4 Rc8 33. Bc6 Rf8 34. g3 Qd8 35. Bb5 Bg7 36. Rec1 Qf6 37. Kg2 Re7 38. Rc6 Rb8 39. Qf3 Qe5 40. Rc7 Rxc7 41. Rxc7 Bf6 42. Rc2 Bg7 43. Rc7 Bf6 44. Rc2 Bg7 45. Rc7 Bf6 1/2-1/2

[Event "UK Blitz op Final"]
[Site "Leamington Spa"]
[Date "2023.12.02"]
[Round "6"]
[White "Maxwell, Daniel"]
[Black "Boswell, Jacob Connor"]
[Result "1-0"]
[WhiteElo "2124"]
[BlackElo "2235"]
[PlyCount "89"]
[EventDate "2023.12.02"]
[EventType "tourn (blitz)"]
[EventRounds "15"]
[EventCountry "ENG"]
[EventCategory "3"]
[SourceTitle "CBM 217 Extra"]
[Source "ChessBase"]
[SourceDate "2024.01.31"]
[SourceVersion "1"]
[SourceVersionDate "2024.01.31"]
[SourceQuality "1"]

1. Nf3 d5 2. e3 c5 3. b3 Nc6 4. Bb2 Nf6 5. Be2 Bf5 6. 0-0 e6 7. d4 cxd4 8. exd4 Bd6 9. c4 0-0 10. Nbd2 Rc8 11. Ne5 h6 12. Ndf3 Bb8 13. Re1 Ne4 14. Rc1 dxc4 15. Nxc6 Rxc6 16. bxc4 Qa5 17. d5 exd5 18. Qxd5 Qxd5 19. cxd5 Rd6 20. Ba3 Rxd5 21. Bxf8 Kxf8 22. Red1 Rxd1+ 23. Rxd1 Ke7 24. Bd3 Kf6 25. Nd4 Bg6 26. Re1 Nc3 27. Bxg6 fxg6 28. a3 Be5 29. Ne2 Nb5 30. a4 Na3 31. f4 Bd6 32. g3 Ke6 33. Nc3+ Kf5 34. Nb5 Bc5+ 35. Kg2 Nc4 36. Rc1 Ne3+ 37. Kf3 Bb6 38. a5 Bxa5 39. Kxe3 Bb6+ 40. Kf3 a6 41. Nc3 Bd4 42. Ne2 Bf6 43. Rc7 b6 44. Rc6 Bd8 45. Nd4# 1-0

[Event "UK Blitz op Final"]
[Site "Leamington Spa"]
[Date "2023.12.02"]
[Round "9"]
[White "Maxwell, Daniel"]
[Black "Willow, Jonah B"]
[Result "0-1"]
[WhiteElo "2124"]
[BlackElo "2427"]
[PlyCount "126"]
[EventDate "2023.12.02"]
[EventType "tourn (blitz)"]
[EventRounds "15"]
[EventCountry "ENG"]
[EventCategory "3"]
[SourceTitle "CBM 217 Extra"]
[Source "ChessBase"]
[SourceDate "2024.01.31"]
[SourceVersion "1"]
[SourceVersionDate "2024.01.31"]
[SourceQuality "1"]

1. Nc3 c5 2. Nf3 Nc6 3. e4 g6 4. d4 cxd4 5. Nxd4 Bg7 6. Be3 Nf6 7. Nxc6 bxc6 8. e5 Ng8 9. Bd4 Qa5 10. Bc4 Bxe5 11. 0-0 Nf6 12. Re1 d6 13. Bxe5 dxe5 14. Qe2 0-0 15. Qxe5 Qxe5 16. Rxe5 e6 17. Rd1 Nd5 18. Na4 Rb8 19. b3 Rd8 20. Ree1 Bd7 21. Nc5 Be8 22. Bxd5 cxd5 23. c3 a5 24. a3 Rdc8 25. b4 Bb5 26. f3 Bc4 27. h4 Kg7 28. Kf2 Ra8 29. Ra1 Rc7 30. Rac1 axb4 31. axb4 Ra3 32. Kg3 Rca7 33. Rc2 h6 34. Rb1 Rc7 35. Rbc1 Kf6 36. Kf2 g5 37. hxg5+ hxg5 38. Rh1 Kg7 39. Rh5 Kg6 40. Rh1 Rca7 41. Rhc1 Ra2 42. Ke3 Kf6 43. g3 R2a3 44. Kf2 Ra8 45. Kg2 Kg6 46. Rh1 Ra2 47. Rhc1 Kf6 48. Kf2 Ke7 49. Kg2 R2a3 50. Kf2 Rh8 51. Kg2 Kf6 52. Re1 Rg8 53. Rec1 Rh8 54. Re1 Rha8 55. Rec1 e5 56. Re1 Re8 57. g4 Kg6 58. Kg3 f6 59. Rec1 Rea8 60. Re1 Ra2 61. Rec1 f5 62. gxf5+ Kxf5 63. Re1 Rxc2 0-1

[Event "UK Blitz op Final"]
[Site "Leamington Spa"]
[Date "2023.12.02"]
[Round "14"]
[White "Sarakauskas, Gediminas"]
[Black "Maxwell, Daniel"]
[Result "1-0"]
[WhiteElo "2362"]
[BlackElo "2124"]
[PlyCount "109"]
[EventDate "2023.12.02"]
[EventType "tourn (blitz)"]
[EventRounds "15"]
[EventCountry "ENG"]
[EventCategory "3"]
[SourceTitle "CBM 217 Extra"]
[Source "ChessBase"]
[SourceDate "2024.01.31"]
[SourceVersion "1"]
[SourceVersionDate "2024.01.31"]
[SourceQuality "1"]

1. e4 d6 2. d4 Nf6 3. Nc3 e5 4. dxe5 dxe5 5. Qxd8+ Kxd8 6. Bc4 Ke8 7. f4 Bd6 8. Nf3 Nbd7 9. Nb5 a6 10. Nxd6+ cxd6 11. Bd3 b5 12. a4 b4 13. a5 Bb7 14. fxe5 Nxe5 15. Nxe5 dxe5 16. Ra4 Bxe4 17. Bxe4 Nxe4 18. Rxb4 Nc5 19. Ke2 f6 20. Be3 Ne6 21. Rd1 Kf7 22. Rd7+ Kg6 23. Rb6 Rhe8 24. Rdd6 Nc7 25. Rdc6 Nd5 26. Rxa6 Rab8 27. Rab6 Nxb6 28. Bxb6 Kf5 29. a6 Re6 30. a7 Rbe8 31. Rxe6 Kxe6 32. c4 Kd6 33. b4 Kc6 34. Bf2 f5 35. b5+ Kb7 36. Kd3 Rd8+ 37. Kc3 f4 38. c5 e4 39. c6+ Kc7 40. Bd4 e3 41. Kd3 g5 42. Ke2 Kd6 43. Be5+ Kxe5 44. b6 Rd2+ 45. Ke1 Ra2 46. b7 Ra1+ 47. Ke2 Ra2+ 48. Kd3 Ra3+ 49. Kc4 e2 50. b8Q+ Kf5 51. Qf8+ Kg4 52. Qxa3 e1Q 53. a8Q Qe4+ 54. Kc5 Qe7+ 55. Kb6 1-0

[Event "SCO-ch op 128th"]
[Site "Dunfermline"]
[Date "2023.07.09"]
[Round "4"]
[White "Munshi, Aryan"]
[Black "Maxwell, Daniel"]
[Result "1/2-1/2"]
[WhiteElo "1454"]
[BlackElo "2139"]
[PlyCount "68"]
[EventDate "2023.07.07"]
[EventType "swiss"]
[EventRounds "5"]
[EventCountry "SCO"]
[SourceTitle "CBM 215 Extra"]
[Source "ChessBase"]
[SourceDate "2023.09.30"]
[SourceVersion "1"]
[SourceVersionDate "2023.09.30"]
[SourceQuality "1"]

1. d4 Nf6 2. c4 e6 3. g3 d5 4. Nf3 dxc4 5. Bg2 c5 6. Nbd2 cxd4 7. Nxc4 Nc6 8. 0-0 Bc5 9. b3 0-0 10. Bb2 Re8 11. Rc1 a5 12. Nce5 Nxe5 13. Nxe5 Ba7 14. Qd3 Nd5 15. Qc4 Nc3 16. Bxc3 dxc3 17. Rfd1 Qb6 18. e3 f6 19. Nf3 Qb4 20. Rxc3 Qxc4 21. Rxc4 e5 22. Ne1 Rb8 23. Bd5+ Kh8 24. Rc7 Bb6 25. Rc2 Bf5 26. e4 Bg4 27. Rdc1 Re7 28. Kg2 g6 29. h3 Bd7 30. Nd3 Kg7 31. Nb2 Bd8 32. Nc4 Bc7 33. Ne3 Bd8 34. Nc4 Bc7 1/2-1/2

[Event "SCO-ch op 128th"]
[Site "Dunfermline"]
[Date "2023.07.08"]
[Round "2"]
[White "Heron, Donald"]
[Black "Maxwell, Daniel"]
[Result "0-1"]
[WhiteElo "1837"]
[BlackElo "2139"]
[PlyCount "74"]
[EventDate "2023.07.07"]
[EventType "swiss"]
[EventRounds "5"]
[EventCountry "SCO"]
[SourceTitle "CBM 215 Extra"]
[Source "ChessBase"]
[SourceDate "2023.09.30"]
[SourceVersion "1"]
[SourceVersionDate "2023.09.30"]
[SourceQuality "1"]

1. c4 Nf6 2. g3 e6 3. Bg2 d5 4. Nf3 dxc4 5. Qc2 a6 6. a4 Nbd7 7. 0-0 c5 8. Na3 Be7 9. Nxc4 0-0 10. d3 Nd5 11. Bd2 b6 12. e4 Nb4 13. Qb3 Bb7 14. Rfe1 Nf6 15. Nce5 h6 16. Bh3 Kh7 17. Rad1 Nc6 18. Bc3 Qc7 19. Qc2 Kg8 20. Qc1 Rad8 21. Bg2 b5 22. axb5 axb5 23. Nxc6 Qxc6 24. Bd2 Kh7 25. Ne5 Qc8 26. h3 Qb8 27. Nf3 Nd7 28. Nh4 Ne5 29. Bf4 Bd6 30. Bxe5 Bxe5 31. Nf3 Bd6 32. d4 c4 33. Qc2 Kg8 34. Nd2 Bb4 35. d5 exd5 36. exd5 Bxd5 37. Re5 Qxe5 0-1

[Event "SCO-ch op 127th"]
[Site "Edinburgh"]
[Date "2022.07.02"]
[Round "1"]
[White "Maxwell, Daniel"]
[Black "Berry, Neil"]
[Result "0-1"]
[WhiteElo "2091"]
[BlackElo "2275"]
[PlyCount "112"]
[EventDate "2022.07.02"]
[EventType "swiss"]
[EventRounds "9"]
[EventCountry "SCO"]
[SourceTitle "CBM 209 Extra"]
[Source "ChessBase"]
[SourceDate "2022.09.30"]
[SourceVersion "1"]
[SourceVersionDate "2022.09.30"]
[SourceQuality "1"]

1. e4 e5 2. Nf3 Nc6 3. Bb5 a6 4. Ba4 Nf6 5. 0-0 Be7 6. d3 b5 7. Bb3 d6 8. a3 0-0 9. Nc3 Na5 10. Ba2 Be6 11. b4 Bxa2 12. Rxa2 Nc6 13. Bg5 Ng4 14. Bd2 Nf6 15. Bg5 Qd7 16. Bxf6 Bxf6 17. Nd5 Bd8 18. a4 Ne7 19. Ne3 Rb8 20. axb5 axb5 21. Qb1 c6 22. Qb3 Bb6 23. Ra6 Ng6 24. Re1 Nf4 25. Raa1 g6 26. Rad1 Rfe8 27. h3 Ra8 28. Ra1 h5 29. c4 Qe6 30. Qc2 Qf6 31. Kh2 Bd4 32. Nxd4 exd4 33. Nf1 h4 34. g3 hxg3+ 35. fxg3 Ne6 36. Kg2 Ng5 37. Nh2 Qe6 38. Ng4 bxc4 39. Rxa8 Rxa8 40. dxc4 f5 41. Nf2 fxe4 42. h4 d3 43. Qb1 Qf5 44. Re3 Rf8 45. Qb2 Nh7 46. b5 cxb5 47. cxb5 Nf6 48. b6 Nd5 49. Rxe4 Qf3+ 50. Kh3 Qxf2 51. Qxf2 Rxf2 52. Rd4 Nxb6 53. Rxd6 d2 54. g4 Nc4 55. Rd8+ Kf7 56. Kg3 Rf1 0-1

[Event "SCO-ch 126th"]
[Site "Edinburgh"]
[Date "2019.07.12"]
[Round "7"]
[White "Fowler, Hugo"]
[Black "Maxwell, Daniel"]
[Result "0-1"]
[WhiteElo "1794"]
[BlackElo "2066"]
[PlyCount "104"]
[EventDate "2019.07.06"]
[EventType "swiss"]
[EventRounds "9"]
[EventCountry "SCO"]
[SourceTitle "CBM 191 Extra"]
[Source "ChessBase"]
[SourceDate "2019.09.30"]
[SourceVersion "1"]
[SourceVersionDate "2019.09.30"]
[SourceQuality "1"]

1. e4 c6 2. d4 d5 3. Nc3 dxe4 4. Nxe4 Nd7 5. Nf3 Ngf6 6. Nxf6+ Nxf6 7. Bc4 Bf5 8. 0-0 e6 9. c3 Be7 10. Re1 0-0 11. Bf4 Bg4 12. h3 Bh5 13. g4 Bg6 14. Qe2 Nd5 15. Bh2 h6 16. Ne5 Bh7 17. Bd3 Bxd3 18. Qxd3 Bd6 19. Qf3 Qc7 20. Qg2 Rad8 21. h4 Ne7 22. Kh1 Bxe5 23. Bxe5 Qd7 24. g5 h5 25. Qf3 Qd5 26. Qxd5 Rxd5 27. Bg3 Ng6 28. Rad1 Rfd8 29. b4 b5 30. Rb1 Ra8 31. Rb3 a5 32. Re2 axb4 33. Rxb4 Rd7 34. Kg2 Ne7 35. Kf3 Rda7 36. Rbb2 Nd5 37. Rec2 Ra3 38. Kg2 R3a4 39. Bd6 Nb6 40. Bc5 Nc4 41. Rb1 Rxa2 42. Rxa2 Rxa2 43. Re1 Kh7 44. Kg3 Rc2 45. Bb4 Nb6 46. Re5 Nd5 47. Ba5 Nxc3 48. g6+ Kxg6 49. Bb4 Ne2+ 50. Kg2 Nxd4 51. Rg5+ Kh6 52. Bf8 Nf5 0-1

[Event "SCO-ch 125th"]
[Site "Paisley"]
[Date "2018.07.14"]
[Round "8"]
[White "Maxwell, Daniel"]
[Black "White, Stuart A"]
[Result "1/2-1/2"]
[WhiteElo "2048"]
[BlackElo "2103"]
[PlyCount "43"]
[EventDate "2018.07.07"]
[EventType "swiss"]
[EventRounds "9"]
[EventCountry "SCO"]
[SourceTitle "CBM 185 Extra"]
[Source "ChessBase"]
[SourceDate "2018.07.29"]
[SourceVersion "1"]
[SourceVersionDate "2018.07.29"]
[SourceQuality "1"]

1. Nf3 d5 2. g3 Nc6 3. d4 Bf5 4. Bf4 Qd7 5. h4 Nf6 6. Ne5 Nxe5 7. dxe5 Nh5 8. Be3 g6 9. Nc3 0-0-0 10. Qd4 b6 11. Bg2 e6 12. Bg5 Bc5 13. Qa4 Qxa4 14. Nxa4 f6 15. Nxc5 fxg5 16. Nd3 g4 17. 0-0 Rhf8 18. b4 Bxd3 19. cxd3 Ng7 20. d4 Nf5 21. Rfd1 Rf7 22. Rac1 1/2-1/2

[Event "SCO-ch 125th"]
[Site "Paisley"]
[Date "2018.07.11"]
[Round "5"]
[White "Maxwell, Daniel"]
[Black "Smith, Rachel Lorna"]
[Result "1-0"]
[WhiteElo "2048"]
[BlackElo "1557"]
[PlyCount "81"]
[EventDate "2018.07.07"]
[EventType "swiss"]
[EventRounds "9"]
[EventCountry "SCO"]
[SourceTitle "CBM 185 Extra"]
[Source "ChessBase"]
[SourceDate "2018.07.29"]
[SourceVersion "1"]
[SourceVersionDate "2018.07.29"]
[SourceQuality "1"]

1. d4 Nf6 2. c4 c5 3. d5 b5 4. cxb5 a6 5. bxa6 Bxa6 6. Nc3 g6 7. e4 Bxf1 8. Kxf1 d6 9. Nf3 Bg7 10. g3 0-0 11. Kg2 Nbd7 12. a4 Ne8 13. Qc2 Qb6 14. Bg5 f6 15. Bf4 Nc7 16. Nd2 Qb7 17. Rhc1 f5 18. f3 fxe4 19. fxe4 Ne5 20. h3 Qa6 21. Bxe5 Bxe5 22. Nf3 Bg7 23. Ne2 Rab8 24. Rab1 Rb4 25. b3 Rfb8 26. Nf4 Qb7 27. Nd2 Bh6 28. Rf1 Rf8 29. Nc4 Qa6 30. Nd3 Rbb8 31. Qe2 Bg7 32. Nf4 Bh6 33. Nd3 e6 34. Rxf8+ Rxf8 35. dxe6 Nxe6 36. Qg4 Nd4 37. Qd7 Qa8 38. Nxd6 Rd8 39. Qf7+ Kh8 40. Qf6+ Kg8 41. Nxc5 1-0

[Event "SCO-ch 125th"]
[Site "Paisley"]
[Date "2018.07.08"]
[Round "2"]
[White "Maxwell, Daniel"]
[Black "Abdulla, Murad"]
[Result "0-1"]
[WhiteElo "2048"]
[BlackElo "2281"]
[PlyCount "73"]
[EventDate "2018.07.07"]
[EventType "swiss"]
[EventRounds "9"]
[EventCountry "SCO"]
[SourceTitle "CBM 185 Extra"]
[Source "ChessBase"]
[SourceDate "2018.07.29"]
[SourceVersion "1"]
[SourceVersionDate "2018.07.29"]
[SourceQuality "1"]

1. d4 Nf6 2. c4 g6 3. f3 c5 4. d5 d6 5. e4 Bg7 6. Nc3 0-0 7. Be3 e6 8. Qd2 exd5 9. cxd5 h5 10. Bg5 Re8 11. a4 a6 12. a5 b5 13. axb6 Qxb6 14. Bd3 Nbd7 15. Nge2 Rb8 16. Na4 Qc7 17. 0-0 Ne5 18. Kh1 Bd7 19. Nec3 Rb4 20. Be2 Reb8 21. Ra2 Qc8 22. Qc2 Ne8 23. Rb1 Nc7 24. Bd2 Qe8 25. Rba1 R4b7 26. h3 f5 27. f4 Nf7 28. exf5 Bxf5 29. Bd3 Qd7 30. Kh2 Nh6 31. Re1 Nb5 32. Be4 Nd4 33. Qd3 Rb4 34. Be3 Bxe4 35. Qxe4 Nhf5 36. Qd3 Bh6 37. Bd2 0-1

[Event "Edinburgh op"]
[Site "Edinburgh"]
[Date "2012.03.31"]
[Round "3"]
[White "McGowan, Daniel"]
[Black "Maxwell, Daniel"]
[Result "1/2-1/2"]
[WhiteElo "2106"]
[BlackElo "2033"]
[PlyCount "83"]
[EventDate "2012.03.30"]
[EventType "swiss"]
[EventRounds "5"]
[EventCountry "SCO"]
[SourceTitle "EXT 2014"]
[Source "ChessBase"]
[SourceDate "2013.11.20"]
[SourceVersion "1"]
[SourceVersionDate "2013.11.20"]
[SourceQuality "1"]

1. e4 e5 2. Nf3 Nc6 3. Bb5 Nf6 4. d3 Bc5 5. 0-0 d6 6. h3 0-0 7. c3 Bb6 8. Re1 Ne7 9. Nbd2 c6 10. Ba4 Ng6 11. Nf1 Re8 12. Ng3 d5 13. Bg5 Be6 14. Nh5 dxe4 15. Bxf6 gxf6 16. dxe4 Qe7 17. Qd2 Bd8 18. Bb3 a5 19. Rad1 a4 20. Bxe6 fxe6 21. Qd7 Kf7 22. Rd3 Bc7 23. Red1 Rad8 24. Qxe7+ Kxe7 25. Rxd8 Rxd8 26. Rxd8 Bxd8 27. Kf1 b5 28. Ke2 Bb6 29. Ne1 Bc5 30. a3 Bd6 31. g3 c5 32. Ke3 c4 33. f4 Bc5+ 34. Ke2 Kf7 35. Nf3 exf4 36. gxf4 e5 37. f5 Nf8 38. Ng3 Nd7 39. Ne1 Bg1 40. Nf3 Bb6 41. Ne1 Bg1 42. Nf3 1/2-1/2